000 01076nam a2200265Ia 4500
003 OSt
005 20221005105116.0
006 a|||||r|||| 00| 0
007 ta
008 221004b |||||||| |||| 00| 0 hin d
020 _cINR 65.00
024 _a37860
037 _b1520, 21/02/2018, Bookwell
_cTextual
040 _aCRL
_cCRL
_bhin
041 _2hin
_ahin
082 _aV2.L, 152K9;N0
100 _aअशरफ, के. एम., ले.
245 0 _aहिन्दुस्तान के निवासियों का जीवन व उनकी परिस्थितियां
246 _aHindustān ke nivāsiyoan kā jīvan v unakī paristhitiyāan
260 _aदिल्ली
_bहिंदी माध्यम कार्यान्वय निदेशालय भारत
_c1990
300 _a324पृ0
_ccm.
650 _aभारत-इतिहास
_9156353
942 _hV2.L, 152K9;N0
_cTEXL
_2cc
999 _c1014766
_d1014766